000 00745nam a22002657a 4500
001 BR7301136
003 BR-BrBNA
005 20230928095849.0
007 ta
008 230509b bl.||||| |||| 00| 0 por d
040 _aBR-BrBNA
_bpor
_cBiblioteca Nacional de Agricultura
041 _a(Por)
072 _aE70
_b2120
090 _ 2120 BR7301136
100 1 _aChaves, J.P. de
110 1 _aInstituto Brasileiro do Cafe, Rio de Janeiro, GB (Brasil)
_95858
245 1 _aA posicao do cafe brasileiro em face do mercado norte-americano
260 3 _aRio de Janeiro, GB (Brasil):
_c1954.
300 _a24 p.
650 _aComercializacao
650 _aCafe
650 _aMercado
909 _a202309
_bLucia
_c55
_dLucia Elande
942 _cBK
999 _c59107
_d59107